000
00304nam a22001337a 4500
008
190306b xxu||||| |||| 00| 0 eng d
020
_a
9780805384802
041
_a
eng
080
_2
4th
_a
579
100
_a
9
101
_a
MIK
245
_a
Microbiology an Introduction
_c
Tortora,G.J
942
_2
udc
_c
BK
999
_c
54610
_d
54610